<?xml version="1.0" encoding="UTF-8"?>
<record
    xmlns:xsi="http://www.w3.org/2001/XMLSchema-instance"
    xsi:schemaLocation="http://www.loc.gov/MARC21/slim http://www.loc.gov/standards/marcxml/schema/MARC21slim.xsd"
    xmlns="http://www.loc.gov/MARC21/slim">

  <leader>01823nas a2200457 i 4500</leader>
  <controlfield tag="001">193764</controlfield>
  <controlfield tag="003">SpMaBN</controlfield>
  <controlfield tag="005">20260318122514.0</controlfield>
  <controlfield tag="008">240212d19371937sp uu   r     0uuub0mul  </controlfield>
  <datafield tag="016" ind1="7" ind2=" ">
    <subfield code="a">biseBNE20030001270</subfield>
    <subfield code="2">SpMaBN</subfield>
  </datafield>
  <datafield tag="017" ind1=" " ind2=" ">
    <subfield code="a">B 41335-1977</subfield>
    <subfield code="b">Oficina Dep&#xF3;sito Legal Barcelona</subfield>
  </datafield>
  <datafield tag="022" ind1=" " ind2=" ">
    <subfield code="a">2340-0064</subfield>
  </datafield>
  <datafield tag="035" ind1=" " ind2=" ">
    <subfield code="a">(OCoLC)733258843</subfield>
  </datafield>
  <datafield tag="035" ind1=" " ind2=" ">
    <subfield code="a">bise0000176342</subfield>
  </datafield>
  <datafield tag="040" ind1=" " ind2=" ">
    <subfield code="a">SpMaBN</subfield>
    <subfield code="b">spa</subfield>
    <subfield code="c">SpMaBN</subfield>
    <subfield code="e">rdc</subfield>
  </datafield>
  <datafield tag="080" ind1=" " ind2=" ">
    <subfield code="a">94(460)"1936/39"(084.12) </subfield>
  </datafield>
  <datafield tag="245" ind1="0" ind2="0">
    <subfield code="a">Visions de guerra i de reraguarda.</subfield>
    <subfield code="n">S&#xE8;rie A,</subfield>
    <subfield code="p">Retrospectiva =</subfield>
    <subfield code="b">Visiones de guerra y de retaguardia</subfield>
  </datafield>
  <datafield tag="246" ind1="1" ind2=" ">
    <subfield code="a">Visiones de guerra y de retaguardia</subfield>
  </datafield>
  <datafield tag="250" ind1=" " ind2=" ">
    <subfield code="a">[Ed. facs. /</subfield>
    <subfield code="b">pr&#xF2;leg de Josep Fontana]</subfield>
  </datafield>
  <datafield tag="260" ind1=" " ind2=" ">
    <subfield code="a">Barcelona :</subfield>
    <subfield code="b">Jos&#xE9; J. de Ola&#xF1;eta,</subfield>
    <subfield code="c">1977</subfield>
  </datafield>
  <datafield tag="300" ind1=" " ind2=" ">
    <subfield code="a">1 volumen ;</subfield>
    <subfield code="b">fotograf&#xED;as :</subfield>
    <subfield code="c">20 x 26 cm</subfield>
  </datafield>
  <datafield tag="336" ind1=" " ind2=" ">
    <subfield code="2">rdacontent</subfield>
    <subfield code="a">texto</subfield>
  </datafield>
  <datafield tag="337" ind1=" " ind2=" ">
    <subfield code="2">rdamedia</subfield>
    <subfield code="a">sin mediaci&#xF3;n</subfield>
  </datafield>
  <datafield tag="338" ind1=" " ind2=" ">
    <subfield code="2">rdacarrier</subfield>
    <subfield code="a">volumen</subfield>
  </datafield>
  <datafield tag="362" ind1="0" ind2=" ">
    <subfield code="a">N. 1 (24 abril 1937)-n. 8 (9 oct. 1937)</subfield>
  </datafield>
  <datafield tag="490" ind1="1" ind2=" ">
    <subfield code="a">Col.lecci&#xF3; Visions = Colecci&#xF3;n Visions</subfield>
  </datafield>
  <datafield tag="530" ind1=" " ind2=" ">
    <subfield code="3">Disponible en formato digital</subfield>
  </datafield>
  <datafield tag="541" ind1=" " ind2=" ">
    <subfield code="a">DONACION</subfield>
    <subfield code="c">Persona_f&#xED;sica</subfield>
    <subfield code="d">2024-02-12</subfield>
  </datafield>
  <datafield tag="546" ind1=" " ind2=" ">
    <subfield code="a">Texto en catal&#xE1;n y espa&#xF1;ol</subfield>
  </datafield>
  <datafield tag="580" ind1=" " ind2=" ">
    <subfield code="a">Reproducci&#xF3;n facs&#xED;mil de la publicaci&#xF3;n irregular: Barcelona : Forja, 1937</subfield>
  </datafield>
  <datafield tag="651" ind1=" " ind2="7">
    <subfield code="a">Espa&#xF1;a-</subfield>
    <subfield code="x">Historia-</subfield>
    <subfield code="y">1936-1939, Guerra civil-</subfield>
    <subfield code="v">Obras ilustradas</subfield>
    <subfield code="9">161796</subfield>
  </datafield>
  <datafield tag="655" ind1=" " ind2="4">
    <subfield code="a">Facs&#xED;miles</subfield>
    <subfield code="2">tgfbne</subfield>
    <subfield code="9">226495</subfield>
  </datafield>
  <datafield tag="700" ind1="1" ind2=" ">
    <subfield code="a">Fontana, Josep,</subfield>
    <subfield code="d">1931-2018</subfield>
    <subfield code="e">aui</subfield>
    <subfield code="9">51600</subfield>
  </datafield>
  <datafield tag="830" ind1=" " ind2="0">
    <subfield code="a">Colecci&#xF3;n Visions</subfield>
    <subfield code="9">235148</subfield>
  </datafield>
  <datafield tag="852" ind1=" " ind2=" ">
    <subfield code="a">ES-MaACL</subfield>
    <subfield code="c">DEPO1</subfield>
    <subfield code="h">Legado: Basilio Mart&#xED;n Patino</subfield>
    <subfield code="j">A-151131</subfield>
  </datafield>
  <datafield tag="856" ind1="4" ind2=" ">
    <subfield code="u">https://hemerotecadigital.bne.es/hd/issn/2340-0064</subfield>
    <subfield code="y">Versi&#xF3;n en l&#xED;nea: Edici&#xF3;n 1937</subfield>
    <subfield code="z">(Hemeroteca Digital)</subfield>
  </datafield>
  <datafield tag="942" ind1=" " ind2=" ">
    <subfield code="2">udc</subfield>
    <subfield code="c">PERIODICA</subfield>
    <subfield code="n">0</subfield>
  </datafield>
  <datafield tag="955" ind1=" " ind2=" ">
    <subfield code="b">Ver&#xF3;nica Torres D&#xED;az</subfield>
  </datafield>
  <datafield tag="999" ind1=" " ind2=" ">
    <subfield code="c">193764</subfield>
    <subfield code="d">193764</subfield>
  </datafield>
  <datafield tag="952" ind1=" " ind2=" ">
    <subfield code="0">0</subfield>
    <subfield code="1">0</subfield>
    <subfield code="2">udc</subfield>
    <subfield code="4">0</subfield>
    <subfield code="7">0</subfield>
    <subfield code="8">Hemeroteca</subfield>
    <subfield code="9">201314</subfield>
    <subfield code="a">ATENEOM</subfield>
    <subfield code="b">ATENEOM</subfield>
    <subfield code="c">DEPO1</subfield>
    <subfield code="d">2024-02-12</subfield>
    <subfield code="e">LEGADO</subfield>
    <subfield code="l">0</subfield>
    <subfield code="o">A-15131</subfield>
    <subfield code="p">101206711</subfield>
    <subfield code="r">2024-02-12 00:00:00</subfield>
    <subfield code="y">PERIODICA</subfield>
  </datafield>
</record>
